00353pab a2200121 454500008004000000100001800040245007500058260000900133300001400142650001300156650001400169773004800183180718b2004 xxu||||| |||| 00| 0 eng d aOmoleke, I.I. aEthnicity and religion: a `threat' to democratic governance in Africa? c2004 ap.105-23. aReligion aEthnicity aBangladesh Journal of Public Administration